|
|
|
|
| LEADER |
00000nam a22000007a 4500 |
| 005 |
20201104233417.0 |
| 007 |
cr|||| |||| |
| 008 |
201104s2020 es |||||s|||| 00||0 spa d |
| 035 |
|
|
|a 32341
|
| 040 |
|
|
|a vLex
|
| 090 |
|
|
|c 10845
|d 10845
|
| 245 |
0 |
0 |
|a Webinars del Texto Refundido de la Ley Concursal 2020
|h [Recurso electrn̤ico] /
|
| 256 |
|
|
|a Servicio en ln̕ea
|
| 260 |
|
|
|a Barcelona:
|b Editorial vLex,
|c 2020
|
| 300 |
|
|
|a 1 recurso electrn̤ico
|
| 500 |
|
|
|a La obra <em>Webinars del Texto Refundido de la Ley Concursal 2020</em> dirigida por la magistrada Mara̕ del Mar Hernǹdez, se realiza un completo y exhaustivo anl̀isis del Texto Refundido de la Ley Concursal de 2020. Los autores son todos magistrados de gran prestigio y coautores de la obra </em>Prc̀tico Concursal</em>.
|
| 506 |
1 |
|
|a Disponible solo en los productos indicados
|d vLex Global
|d vLex Global (Academic Edition, excluding Law Schools)
|d vLex Global (U.S. Academic Edition, Law Schools)
|d vLex Global (U.S. Academic Edition, excluding Law Schools)
|d vLex Global (Academic Edition, Law Schools)
|
| 650 |
0 |
4 |
|a Derecho Mercantil y de la Empresa
|z Espaą
|
| 740 |
0 |
|
|a Prc̀ticos vLex (Servicio en ln̕ea)
|
| 856 |
4 |
0 |
|u http://vlex.com/source/32341
|z Acceso restringido
|
| 942 |
|
|
|c BOOK
|
| 999 |
0 |
|
|a Commercial and Company Law
|